| 000 | 00801ci a2200241 4500 | ||
|---|---|---|---|
| 001 | E88 | ||
| 008 | 970304 1982 | ||
| 035 | _a(Sirsi) u34984 | ||
| 041 | 0 | _aeng | |
| 050 | 0 | 4 | _a346.4104344 $2 18 |
| 110 | 2 |
_aRoyal Institution of Chartered Surveyors _94900 |
|
| 245 | 0 | 0 |
_aRent reviews _h[sound recording] |
| 260 |
_aLondon _bRICS _c1982 |
||
| 300 |
_a1 _fsound cassette (ca. 60 min.) |
||
| 350 | _a0 | ||
| 490 | 0 | _aOwlion Audio Programme | |
| 651 | 4 |
_aEngland and Wales _y1543- |
|
| 690 | _aPROPERTY-LANDLORD AND TENANT-TENANCIES-TENANCY RENT REVIEW | ||
| 710 | 2 |
_aCollege of Estate Management _9400 |
|
| 856 | 4 |
_uhttps://194.154.180.3/uhtbin/cgisirsi.exe/0/0/0/1/117/X/ _zAudio Visual materials can only be used in the library. |
|
| 942 | _n0 | ||
| 948 | _c04/03/1997 | ||
| 999 |
_c85208 _d85208 |
||